All Cities in the Atlanta Metropolitan Area - Statistics

General Stats
  • This quiz has been taken 124 times
  • The average score is 35 of 147
Answer Stats
1st Letter Population Answer % Correct
A 498,715 Atlanta
91%
M 60,972 Marietta
82%
A 65,818 Alpharetta
81%
S 108,080 Sandy Springs
78%
D 24,928 Decatur
73%
S 55,663 Smyrna
67%
R 92,833 Roswell
66%
D 51,683 Dunwoody
63%
K 33,036 Kennesaw
63%
J 82,453 Johns Creek
62%
P 38,244 Peachtree City
59%
C 13,930 College Park
58%
L 30,629 Lawrenceville
57%
P 42,243 Peachtree Corners
57%
S 6,703 Stone Mountain
57%
D 31,873 Duluth
56%
E 38,358 East Point
54%
F 18,957 Fayetteville
53%
D 34,650 Douglasville
52%
B 17,144 Buford
51%
A 22,440 Acworth
48%
N 42,549 Newnan
48%
N 17,209 Norcross
48%
C 23,187 Cartersville
47%
D 10,623 Doraville
47%
B 55,161 Brookhaven
46%
W 35,065 Woodstock
46%
C 7,318 Cumming
44%
C 32,973 Canton
42%
C 17,305 Conyers
42%
T 37,005 Tucker
42%
L 2,662 Lithonia
41%
M 41,296 Milton
41%
A 7,713 Austell
39%
C 30,164 Chamblee
39%
S 28,973 Stockbridge
39%
M 29,051 McDonough
38%
S 20,786 Suwanee
37%
U 26,830 Union City
37%
C 26,738 Carrollton
35%
S 20,573 Snellville
34%
G 23,478 Griffin
33%
L 14,502 Lilburn
33%
R 15,129 Riverdale
33%
D 14,042 Dallas
32%
J 4,235 Jonesboro
32%
D 6,882 Dacula
30%
B 183 Buckhead
29%
F 16,483 Fairburn
29%
P 16,887 Powder Springs
29%
C 14,192 Covington
28%
J 4,084 Jasper
28%
V 16,970 Villa Rica
28%
D 3,720 Dawsonville
27%
W 18,338 Winder
27%
F 19,932 Forest Park
25%
J 5,557 Jackson
25%
H 6,553 Hapeville
24%
S 25,076 Sugar Hill
24%
A 7,495 Auburn
23%
H 8,368 Hampton
23%
H 4,929 Hiram
23%
L 14,127 Loganville
23%
M 14,928 Monroe
23%
M 6,569 Morrow
23%
W 661 White
22%
H 16,213 Holly Springs
20%
M 4,447 Madison
20%
C 14,756 Clarkston
19%
G 4,730 Grayson
19%
M 583 Mountain Park
19%
B 13,403 Braselton
18%
L 8,947 Locust Grove
18%
L 10,122 Lovejoy
18%
T 7,658 Tyrone
18%
Z 1,225 Zebulon
18%
B 7,185 Bremen
16%
S 5,016 Senoia
16%
B 2,560 Ball Ground
15%
A 4,878 Adairsville
14%
P 5,071 Palmetto
14%
C 2,950 Chattahoochee Hills
13%
F 950 Franklin
13%
G 794 Greenville
13%
S 4,974 Social Circle
13%
A 3,567 Avondale Estates
11%
B 6,292 Barnesville
11%
B 2,054 Berkeley Lake
11%
S 327 Sharpsburg
11%
S 2,813 Statham
11%
T 5,089 Temple
11%
W 921 Waleska
11%
W 1,322 Walnut Grove
11%
B 715 Bethlehem
10%
B 568 Brooks
10%
E 1,415 Emerson
10%
N 1,145 Nelson
10%
T 3,227 Tallapoosa
10%
B 2,161 Bowdon
9%
B 938 Buchanan
9%
M 2,541 Monticello
9%
W 536 Waco
9%
B 402 Between
8%
B 355 Braswell
8%
K 722 Kingston
8%
L 2,952 Lake City
8%
W 596 Whitesburg
8%
E 4,268 Euharlee
6%
G 339 Good Hope
6%
M 442 Mansfield
6%
M 382 Moreland
6%
O 2,308 Oxford
6%
T 91 Talking Rock
6%
W 681 Williamson
6%
W 206 Woolsey
6%
C 209 Carl
5%
C 378 Concord
5%
F 643 Flovilla
5%
G 110 Gay
5%
G 3,103 Grantville
5%
H 172 Haralson
5%
O 219 Orchard Hill
5%
P 1,799 Porterdale
5%
R 871 Rutledge
5%
T 347 Turin
5%
W 465 Warm Springs
5%
W 908 Woodbury
5%
C 348 Centralhatchee
4%
J 391 Jenkinsburg
4%
L 776 Luthersville
4%
M 3,584 Manchester
4%
P 752 Pine Lake
4%
R 231 Roopville
4%
T 252 Taylorsville
4%
B 378 Bostwick
3%
E 471 Ephesus
3%
M 266 Meansville
3%
M 1,766 Mount Zion
3%
N 676 Newborn
3%
P 1,216 Pine Mountain
3%
S 252 Shady Dale
3%
S 203 Sunny Side
3%
J 146 Jersey
1%
L 114 Lone Oak
1%
M 772 Milner
1%
M 392 Molena
1%
R 45 Rest Haven
1%
No matching quizzes found
Score Distribution
Percent of People with Each Score
Percentile by Number Answered
Your Score History
You have not taken this quiz